LEADER 00973nam a2200229 i 4500 001 000000033318 003 CaOOAMICUS 005 20230202163840.0 008 180830s1836 fr u000 u und u 040 $aSeMil$bita 100 1 $aTocqueville, Alexis : de,$d<1805-1859>.$0(OLS)http://semarc/name/6189 240 10$aDe la démocratie en Amérique.$0(OLS)http://semarc/title/442767 245 10$aDe la démocratie en Amérique /$cpar Alexis de Tocqueville. 250 $a5. éd. revue et corrigée. 264 1$aParis :$bCharles Gosselin$e(Paris :$fImprimerie et fonderie de Fain,$g1836) 300 $a2 v. ;$c17 cm. 650 4$aTocqueville, Alexis : de <1805-1859> - Opere.$0(OLS)http://semarc/subject/5335 774 0 $tTome 1.$g1$w()250634 774 0 $tTome 2.$g2$w()250660 996 $6245$aDe la démocratie en Amérique$9(OLS)http://semarc/title/45088 996 $6264$aParis :$bCharles Gosselin$9(OLS)http://semarc/publisher/37671 LEADER 01309nam a2200277 i 4500 001 000000126810 003 CaOOAMICUS 005 20250603104101.0 008 041120s1965 it u000 u ita u 040 $aSeMil$bita 100 1 $aFrance, Anatole,$d<1844-1924>.$0(OLS)http://semarc/name/1142 245 00$aAnatole France :$bpremio Nobel per la letteratura 1921. 246 08$aIl delitto di Sylvestre Bonnard ; Gli dei hanno sete 264 1$aMilano :$bFratelli Fabbri Editori,$c1965. 300 $a586 p. ;$c23 cm. 490 1 $aI premi Nobel per la letteratura ;$v22. 500 $aContiene: Il delitto di Sylvestre Bonnard ; Gli dei hanno sete 600 14$aFrance, Anatole <1844-1924>.$0(OLS)http://semarc/subject/57713 830 2$aI premi Nobel per la letteratura ;$v22.$0(OLS)http://semarc/title/407024 850 $aSeMil 852 $aSeMil$W1$xVenegono$y1$m1W V 316$j257688$B81159$CSeMilBibl$Z2$F83303 $81 961 $aRecupero: Seminario di Seveso 996 $6245$aAnatole France :$bpremio Nobel per la letteratura 1921$9(OLS)http://semarc/title/454076 996 $6246$aIl delitto di Sylvestre Bonnard ; Gli dei hanno sete$9(OLS)http://semarc/title/408011 996 $6264$aMilano :$bFratelli Fabbri Editori$9(OLS)http://semarc/publisher/29845